| 000 | 00647nam a2200217 i 4500 | ||
|---|---|---|---|
| 001 | 87924 | ||
| 003 | ES-MaACL | ||
| 005 | 20230906175752.0 | ||
| 007 | t| | ||
| 008 | 041228s1956 sp ||||1| spa d | ||
| 100 | 1 |
_aLacroix, Jean. _969405 |
|
| 245 | 1 | 3 |
_aEl hombre que no quería ser gangster / _cJean Lacroix ; [versión española de Miguel de Salabert]. |
| 250 | _a[1ª ed.]. | ||
| 260 |
_aMadrid : _bTaurus, _c[1956] |
||
| 300 |
_a189 p. ; _c19 cm. |
||
| 490 | 1 | _aEl club de la sonrisa | |
| 700 | 1 |
_aSalabert, Miguel. _9101686 |
|
| 830 | 0 |
_aEl club de la sonrisa _9181145 |
|
| 852 |
_aES-MaACL _jC-11048 _bR.38529 |
||
| 999 |
_c87924 _d87924 |
||